Statistics for Flo Rida Charting Songs (Billboard Hot 100)

Click here to take the quiz!

General Stats

  • This quiz has been taken 10 times
  • The average score is 16 of 29

Answer Stats

AlbumWeeks OnPeakArtist(s)Song% Correct
R.O.O.T.S.26 Weeks#1 (6 Weeks)Flo Rida ft. KeshaRight Round
100%
Wild Ones37 Weeks#3Flo RidaGood Feeling
100%
My House EP39 Weeks#4Flo RidaMy House
100%
Mail on Sunday and Step Up 2: The Streets40 Weeks#1 (10 Weeks)Flo Rida ft. T-PainLow
88%
Only One Flo (Part 1)29 Weeks#9Flo Rida ft. David GuettaClub Can't Handle Me
88%
Wild Ones36 Weeks#5Flo Rida ft. SiaWild Ones
88%
Wild Ones29 Weeks#1 (2 Weeks)Flo RidaWhistle
75%
Nothing but the Beat20 Weeks#14David Guetta ft. Flo Rida & Nicki MinajWhere Them Girls At
75%
Right Place Right Time20 Weeks#25Olly Murs ft. Flo RidaTroublemaker
75%
My House EP35 Weeks#8Flo Rida ft. Sage The Gemini & LookasG.D.F.R.
75%
Wild Ones21 Weeks#6Flo RidaI Cry
75%
Only One Flo (Part 1)15 Weeks#29Flo Rida ft. AkonWho Dat Girl
63%
My House EP14 Weeks#43Flo Rida ft. Robin Thicke & Verdine WhiteI Don't Like It, I Love It
63%
Mail on Sunday21 Weeks#9Flo Rida ft. will.i.amIn the Ayer
63%
R.O.O.T.S.18 Weeks#5Flo Rida ft. WynterSugar
50%
Climate Change4 Weeks#95Pitbull ft. Flo Rida & LunchMoney LewisGreenlight
50%
Non-Album Single2 Weeks#78Three 6 Mafia vs. Tiesto with Sean Kingston & Flo RidaFeel It
38%
Mail on Sunday13 Weeks#16Flo Rida ft. TimbalandElevator
38%
R.O.O.T.S.16 Weeks#19Flo Rida ft. Ne-YoBe On You
38%
R.O.O.T.S.6 Weeks#54Flo Rida ft. Nelly FurtadoJump
38%
TY.O1 Week#62Taio Cruz ft. Flo RidaHangover
38%
Triple F Life: Fans, Friends & Family1 Week#72Waka Flocka Flame ft. Nicki Minaj, Tyga & Flo RidaGet Low
38%
This Is a Challenge6 Weeks#73Flo Rida & 99 PercentCake
38%
Non-Album Single2 Weeks#96Flo RidaHow I Feel
25%
R.O.O.T.S.1 Week#57Flo Rida ft. Pleasure PShone
25%
Non-Album Single1 Week#79Flo Rida ft. Jason DeruloHello Friday
25%
Mail on Sunday2 Weeks#61Flo Rida ft. Sean KingstonRoll
25%
Category 65 Weeks#56DJ Laz ft. Flo Rida & CaselyMove Shake Drop
25%
Only One Flo (Part 1)1 Week#98Flo RidaTurn Around (5, 4, 3, 2, 1)
25%

Score Distribution

Percentile by Number Answered

Percent of People with Each Score

Your Score History

You have not taken this quiz